000 01171nam a2200277Ma 4500
001 damage00hart
003 CaSfIA
005 20210118000812.0
007 cr||||
008 920422s1991 nyu 000 1 eng d
040 _aAU@
_beng
_cAU@
_dCaSfIA
020 _a0804108412 (pbk.)
020 _a9780804108416 (pbk.)
035 _a(OCoLC)221102931
100 1 _aHart, Josephine.
245 1 0 _aDamage /
_h[electronic resource]
_cJosephine Hart.
260 _aNew York :
_bIvy Books,
_cc1991.
300 _a218 p.
500 _aCover title: Damage - a novel, by Josephine Hart.
029 0 _aAU@
_b000008933129
856 4 1 _uhttp://www.archive.org/details/damage00hart
_zFree eBook from the Internet Archive
856 4 2 _uhttp://www.openlibrary.org/books/OL24204576M
_zAdditional information and access via Open Library
942 _cEB
506 _fНеобхідна авторизація на https://archive.org/ (створення облікового запису безкоштовно)
506 _fНеобхідна авторизація на https://openlibrary.org/ (створення облікового запису безкоштовно)
999 _c486179
_d486179